| 000 | 01113nam a2200301 4500 | ||
|---|---|---|---|
| 003 | MX-MxINE | ||
| 005 | 20260601171012.0 | ||
| 008 | 260421b2013\\\\mx\a||||\||||\00|\0\spa\d | ||
| 040 |
_aICI _bspa _cICI |
||
| 041 | 0 | _aspa | |
| 041 | 0 | _aeng | |
| 050 |
_aF1219.3C75 _bF47 |
||
| 100 | 1 |
_aFernández, Carla, _eautor _933321 |
|
| 245 | 1 |
_aEl manual de la diseñadora descalza = _bThe barefoot designer : a handbook / _cCarla Fernández ; traductor, Jason Woods |
|
| 246 | 3 |
_aBarefoot designer : _ba handbook |
|
| 246 | 3 | _aManual de la diseñadora descalza | |
| 264 |
_aMéxico, D.F. : _bConsejo Nacional para la Cultura y las Artes, Dirección General de Publicaciones, _c2013 |
||
| 300 |
_a243 páginas : _bilustraciones |
||
| 336 |
_2rdacontent _atexto |
||
| 337 |
_2rdamedia _asin medio |
||
| 338 |
_2rdacarrier _avolumen |
||
| 650 |
_aIndios de México _vManuales _xRopa _933322 |
||
| 650 |
_aDiseñadoras textiles _zMéxico _933323 |
||
| 650 |
_aIndumentaria _zMéxico _9808 |
||
| 650 |
_aMujeres indígenas _xVida social y costumbres _933324 |
||
| 700 | 1 |
_aWoods, Jason, _etraductor _933325 |
|
| 942 |
_2lcc _n0 _cB |
||
| 999 |
_c20553 _d20553 |
||